000 00701nmc a2200265 a 4500
003 AR-BaBNM
005 20251128205158.0
008 096119s1985 ||||||||||||||000 | spa||
020 _a950-21-0785-3
040 _cAR-BaBNM
100 1 _aLacau, María Hortensia
_d1910-2006
245 1 0 _aPaís de Silvia
260 _aBuenos Aires
_bPlus Ultra
_c1985
300 0 _a66 p.
_bil.
490 0 _aPara leer y comentar. Tejados rojos
_vv. 40
650 4 _aLIBROS PARA NINOS
650 4 _aPOESIA
650 4 _aCANCIONES
650 4 _aLITERATURA INFANTIL
655 _aLITERATURA
700 1 _aAkselman, Diana
_eilustrador
800 1 _aLacau, María Hortensia
942 _cBK
998 _cMARTIN
999 _c10321
_d10321